Central Library OPAC University of Rajshahi

পাবনা জেলার সমাজ ও সংস্কৃতি : (Record no. 77661)

MARC details
000 -LEADER
fixed length control field 01850nam a2200277 a 4500
001 - CONTROL NUMBER
control field 77661
003 - CONTROL NUMBER IDENTIFIER
rucl marc code BD-RjUL
005 - DATE AND TIME OF LATEST TRANSACTION
control field 20211209083016.0
008 - FIXED-LENGTH DATA ELEMENTS--GENERAL INFORMATION
fixed length control field 201222s2003 bg a|||| m||| 00| 0 ben d
035 ## - SYSTEM CONTROL NUMBER
System control number (BD-RjUL)77887
040 ## - CATALOGING SOURCE
Original cataloging agency BD-RjUL
Language of cataloging ben/eng
Transcribing agency BD-RjUL
Modifying agency BD-RjUL
041 ## - LANGUAGE CODE
Language code of text/sound track or separate title ben
082 ## - DEWEY DECIMAL CLASSIFICATION NUMBER
Classification number 954.924
Author mark and year HAP 2003
Edition number 23
100 ## - MAIN ENTRY--PERSONAL NAME
Personal name হাবিবুল্লাহ্, মো.
9 (RLIN) 242783
245 10 - TITLE STATEMENT
Title পাবনা জেলার সমাজ ও সংস্কৃতি :
Remainder of title একটি ঐতিহাসিক পর্যালোচনা, ১৯০০-১৯৪৭ /
Statement of responsibility, etc. মো. হাবিবুল্লাহ্ ;
Linkage গবেষণা তত্ত্বাবধায়ক: মো. মাহবুবর রহমান
260 ## - PUBLICATION, DISTRIBUTION, ETC. (IMPRINT)
Place of publication, distribution, etc. রাজশাহী :
Name of publisher, distributor, etc. ইতিহাস বিভাগ, রাজশাহী বিশ্ববিদ্যালয়,
Date of publication, distribution, etc. ২০০৩
300 ## - PHYSICAL DESCRIPTION
Pagination xii, ৪৮০ পাতা :
Illustrations চিএ ;
Size ২৯ সেমি.
502 ## - DISSERTATION NOTE
Dissertation note থিসিস (পিএইচ. ডি.) -- ইতিহাস বিভাগ, রাজশাহী বিশ্ববিদ্যালয়, ২০০৩
504 ## - BIBLIOGRAPHY, ETC. NOTE
Bibliography, etc গ্রন্থপঞ্জি: পাতা ৪৩৯-৪৫৯
651 ## - SUBJECT ADDED ENTRY--GEOGRAPHIC NAME
Geographic name বাংলাদেশ
Geographic subdivision পাবনা জেলা
General subdivision ইতিহাস
Chronological subdivision ১৯০০-১৯৪৭
9 (RLIN) 242784
Geographic name Bangladesh
Geographic subdivision Pabna District
General subdivision History
Chronological subdivision 1900-1947
9 (RLIN) 242785
Geographic name বাংলাদেশ
Geographic subdivision পাবনা জেলা
General subdivision সামাজিক জীবন এবং রীতিনীতি
Chronological subdivision ১৯০০-১৯৪৭
9 (RLIN) 242810
Geographic name Bangladesh
Geographic subdivision Pabna District
General subdivision Social life and customs
Chronological subdivision 1900-1947
9 (RLIN) 242811
700 ## - ADDED ENTRY--PERSONAL NAME
Personal name রহমান, মো. মাহবুবর, গবেষণা তত্ত্বাবধায়ক
942 ## - ADDED ENTRY ELEMENTS (KOHA)
Source of classification or shelving scheme Dewey Decimal Classification
Koha item type Theses
Holdings
Lost status Source of classification or shelving scheme Damaged status Not for loan Collection code Permanent Location Current Location Shelving location Date acquired Source of acquisition Total Checkouts Full call number Date last seen Copy number Koha item type
  Dewey Decimal Classification   Not For Loan Theses Central Library, University of Rajshahi Central Library, University of Rajshahi Documentation Section 21/10/2004 Controller of Exam. , R.U.   BTHE 954.924 HAP 2003 22/12/2020 C-1 Theses